| 000 | 00473nam a2200169Ia 4500 | ||
|---|---|---|---|
| 005 | 20250423094701.0 | ||
| 008 | 250422s9999 xx 000 0 und d | ||
| 020 | _a052177974X | ||
| 050 | _aPE 1628 .C22/ | ||
| 245 | 0 | _aCambridge dictionary of American English | |
| 260 | _aCambridge | ||
| 260 | _bCambridge University Press | ||
| 260 | _cc2003 | ||
| 300 | _a1069 p | ||
| 650 | _aEnglish language_United States_Dictionaries. Americanisms_Dictionaries. | ||
| 942 | _cBK | ||
| 999 |
_c27981 _d27981 |
||